El riego por aspersión y su tecnología.

Saved in:
Bibliografiske detaljer
Hovedforfatter: Tarjuelo Martín Benito, José María (autor)
Format: Bog
Sprog:spansk
Udgivet: Madrid, España: Mundi-Prensa, 1995
Fag:
Tags: Tilføj Tag
Ingen Tags, Vær først til at tagge denne postø!

MARC

LEADER 00000nam a2200000 a 4500
001 UCU4539
003 CL-VaPUC
005 20220331172636.0
008 960524e19950000SP |||||||||||||||||spa|d
999 |c 248220  |d 248218 
040 |c Pontificia Universidad Católica de Valparaíso 
082 0 4 |a 631.587 TAR 1995  |2 21 
100 0 |a Tarjuelo Martín Benito, José María  |e autor  |9 362149 
245 1 3 |a El riego por aspersión y su tecnología. 
260 |a Madrid, España:  |b Mundi-Prensa,  |c 1995 
300 |a 491 páginas  
500 |a c.3 Donación Btca Agronomía 31-3-2022 
583 |a last modification  |c 19960524 00:00:00  |k Rodrigo Vera 
650 0 |a Riego por aspersión   |2 CL-VaPUC  |9 264849 
650 0 |a Tecnología agrícola  |9 325634 
650 0 |a Sistemas de riego  |9 362150 
942 |c BK  |2 ddc 
945 |d 19960524 00:00:00  |a rleighto 
952 |0 0  |1 1  |2 ddc  |4 0  |6 631_587000000000000_TAR_1995  |7 0  |8 A  |9 264692  |a BIBAGR  |b BIBAGR  |d 2019-11-19  |i 3201430  |o 631.587 TAR 1995  |p 3201430  |r 2019-11-19  |w 2019-11-19  |y BK  |k AGR 
952 |0 0  |1 0  |4 0  |6 631_587000000000000_TAR_1995  |7 0  |8 A  |9 264693  |a BIBAGR  |b BIBAGR  |d 2019-11-19  |i 3201449  |o 631.587 TAR 1995  |p 3201449  |r 2025-01-20  |w 2019-11-19  |y BK  |k AGR 
952 |0 0  |1 1  |2 ddc  |4 0  |6 631_587000000000000_TAR_1995  |7 0  |8 A  |9 582359  |a BIBAGR  |b BIBAGR  |c GEN  |d 2022-03-31  |i 5650525  |o 631.587 TAR 1995  |p 5650525  |r 2022-03-31  |t 3  |w 2022-03-31  |y BK  |k AGR